| 000 | 00922nam a2200217 i 4500 | ||
|---|---|---|---|
| 001 | 182328 | ||
| 003 | ES-MaACL | ||
| 005 | 20230906221601.0 | ||
| 008 | 130805s1992 sp | |||| ||spa d | ||
| 080 | _a316.47(8=60)(091) | ||
| 080 | _a316.732(=97/=98)(091) | ||
| 100 | 0 |
_aGómez-Tabanera, José Manuel, _d1926-2011 _958165 |
|
| 245 | 1 | 0 |
_aQuinientos años después, visicitudes del descubrimiento y del encuentro de dos mundos _b: migración, aculturación y miscegenación de las poblaciones americanas e hispanas a raíz del 12 de octubre de 1492 / _cdel Dr. J.M. Gómez-Tabanera. |
| 260 |
_aAvilés : _bCentro Asturiano de La Habana, _cD.L. 1992. |
||
| 300 |
_a23 p. ; _c21 cm. |
||
| 504 | _aBibliografía: [21]-22. | ||
| 650 | 4 |
_aRelaciones étnicas- _zAmérica española- _vHistoria. _9153154 |
|
| 650 | 4 |
_aIndios de América- _xAculturación. _9153155 |
|
| 852 |
_aES-MaACL _j2317-F-30 |
||
| 999 |
_c182328 _d182328 |
||